|
|
|
|
| LEADER |
01255nam a2200349Ia 4500 |
| 001 |
EBC289883 |
| 003 |
MiAaPQ |
| 005 |
20200520144314.0 |
| 006 |
m o d | |
| 007 |
cr cn||||||||| |
| 008 |
041014s2004 enk gsb 000 0 eng d |
| 020 |
|
|
|z 0861769864
|
| 035 |
|
|
|a (MiAaPQ)EBC289883
|
| 035 |
|
|
|a (Au-PeEL)EBL289883
|
| 035 |
|
|
|a (CaPaEBR)ebr10064568
|
| 035 |
|
|
|a (CaONFJC)MIL51540
|
| 035 |
|
|
|a (OCoLC)70747955
|
| 040 |
|
|
|a MiAaPQ
|c MiAaPQ
|d MiAaPQ
|
| 050 |
|
4 |
|a HF5667
|b .E26 2004
|
| 245 |
0 |
4 |
|a The economics audit
|h [electronic resource] /
|c editor, Gerald Vinten.
|
| 260 |
|
|
|a [Bradford, England] :
|b Emerald Group Pub.,
|c 2004.
|
| 300 |
|
|
|a p. 696-823.
|
| 490 |
1 |
|
|a Managerial auditing journal ;
|v v. 19, no. 6, 2004
|
| 504 |
|
|
|a Includes bibliographical references.
|
| 533 |
|
|
|a Electronic reproduction. Ann Arbor, MI : ProQuest, 2015. Available via World Wide Web. Access may be limited to ProQuest affiliated libraries.
|
| 650 |
|
0 |
|a Auditing.
|
| 650 |
|
0 |
|a Accounting.
|
| 655 |
|
4 |
|a Electronic books.
|
| 700 |
1 |
|
|a Vinten, Gerald.
|
| 710 |
2 |
|
|a ProQuest (Firm)
|
| 830 |
|
0 |
|a Managerial auditing journal ;
|v v. 19, no. 6.
|
| 856 |
4 |
0 |
|u https://ebookcentral.proquest.com/lib/matrademy/detail.action?docID=289883
|z Click to View
|